80s TV Shows by Family Name - Statistics

General Stats
  • This quiz has been taken 469 times
  • The average score is 9 of 16
Answer Stats
FAMILY TV SHOW % Correct
Bundy Married...with Children
91%
Huxtable The Cosby Show
91%
Conner Roseanne
86%
Keaton Family Ties
84%
Ingalls Little House on the Prairie
80%
Cunningham Happy Days
79%
Seaver Growing Pains
66%
Carrington Dynasty
61%
Winslow Family Matters
60%
Arnold The Wonder Years
44%
Bradford Eight Is Enough
32%
Stratton Silver Spoons
23%
Tate Benson
20%
Harper Mama's Family
16%
Loudon Newhart
16%
Steadman Thirtysomething
3%
No matching quizzes found
Score Distribution
Percent of People with Each Score
Percentile by Number Answered
Your Score History
You have not taken this quiz